| 000 | 00381nam a2200145Ia 4500 | ||
|---|---|---|---|
| 005 | 20250318142707.0 | ||
| 008 | 240331s9999 xx 000 0 und d | ||
| 082 |
_bISA _a894 |
||
| 100 | _aMalayaga Womens. ed | ||
| 245 | 0 | _aIsai piliyapadda veenai | |
| 260 |
_aSwitzerland _bOotaru veliyidu _c2007 |
||
| 300 | _a87 p ., | ||
| 500 | _aMalaiyaga kavinchaikalin padaipugal | ||
| 942 | _cL | ||
| 999 |
_c4748 _d4748 |
||